|
|
|
|
| LEADER |
01835nam a2200409 a 4500 |
| 001 |
EBC3039622 |
| 003 |
MiAaPQ |
| 005 |
20200520144314.0 |
| 006 |
m o d | |
| 007 |
cr cn||||||||| |
| 008 |
111021s2012 ja a sb 001 0 eng d |
| 010 |
|
|
|z 2011043601
|
| 020 |
|
|
|z 9789280812060 (pbk.)
|
| 020 |
|
|
|a 9789280871753 (electronic bk.)
|
| 035 |
|
|
|a (MiAaPQ)EBC3039622
|
| 035 |
|
|
|a (Au-PeEL)EBL3039622
|
| 035 |
|
|
|a (CaPaEBR)ebr10532074
|
| 035 |
|
|
|a (OCoLC)777549873
|
| 040 |
|
|
|a MiAaPQ
|c MiAaPQ
|d MiAaPQ
|
| 043 |
|
|
|a e------
|a a-tu---
|
| 050 |
|
4 |
|a HD8378.5.T8
|b O48 2012
|
| 082 |
0 |
4 |
|a 331.6/256104
|2 23
|
| 100 |
1 |
|
|a Oguz, Gonul.
|
| 245 |
1 |
0 |
|a EU enlargement and Turkish labour migration
|h [electronic resource] /
|c Gonul Oguz.
|
| 260 |
|
|
|a Tokyo ;
|a New York :
|b United Nations University Press,
|c 2012.
|
| 300 |
|
|
|a xv, 222 p. :
|b ill.
|
| 504 |
|
|
|a Includes bibliographical references and index.
|
| 505 |
0 |
|
|a Introduction -- Turkish labour mobility in the European Union -- Past enlargement experiences -- The European Union's overall strategy for the movement of labour -- The impact of Central and East European accession on the movement of Turkish labour -- Concluding remarks.
|
| 533 |
|
|
|a Electronic reproduction. Ann Arbor, MI : ProQuest, 2015. Available via World Wide Web. Access may be limited to ProQuest affiliated libraries.
|
| 610 |
2 |
0 |
|a European Union
|z Turkey.
|
| 610 |
2 |
0 |
|a European Union
|x Membership.
|
| 650 |
|
0 |
|a Foreign workers, Turkish
|z European Union countries.
|
| 651 |
|
0 |
|a Turkey
|x Foreign economic relations
|z European Union countries.
|
| 651 |
|
0 |
|a European Union countries
|x Foreign economic relations
|z Turkey.
|
| 655 |
|
4 |
|a Electronic books.
|
| 710 |
2 |
|
|a ProQuest (Firm)
|
| 856 |
4 |
0 |
|u https://ebookcentral.proquest.com/lib/matrademy/detail.action?docID=3039622
|z Click to View
|